=LDR 00000nam 2200000 4500 =001 INLIS000000000037823 =005 20141023112852.0 =006 =007 =008 Ind =035 ##$$a 0010-061300000037823 =041 ##$$a Ind =082 ##$$a 621.3 =090 ##$$a 621.3, Set m =100 ##$$a Setiyo, Meiji =245 ##$$a Menjadi mekanik spesialis kehidupan sepeda motor, dalam kajian teori dan terapan, Muji Setiyo ST =260 ##$$a 2010 $b Bandung =300 ##$$a x, 190 hlm, ilus, 24 cm =650 ##$$a Kelistrikan sepeda motor =850 ##$$a NBPNMAT